000 00681nam a2200289Ia 4500
005 20260324125613.0
008 008 260324s9999 xx 000 0 eng d
020 _a9781315632667
037 _aEBOOK
040 _aCRL
040 _beng
040 _cCRL
041 _2eng
041 _aeng
084 _qCRL
100 _aKeith Kerr
_91178604
245 0 _aPostmodern Cowboy
245 0 _bC. Wright Mills and a New 21st-century Sociology
260 _bTaylor and Francis
260 _c2009
365 _a
365 _b300
856 _uhttp://www.taylorfrancis.com/books/9781315632667
942 _cEBOOK
999 _c1774034
_d1774034